| 000 | 01335nam a2200325 i 4500 | ||
|---|---|---|---|
| 001 | 000033180 | ||
| 003 | DO-SdBNP | ||
| 005 | 20240710142352.0 | ||
| 006 | a||||gr|||| 00| 0 | ||
| 007 | ta | ||
| 008 | 110818e1981 dr ao r 000 0 spa d | ||
| 040 |
_aDO-SdBNP _bspa _cBNPHU _erda |
||
| 082 | 4 |
_222 _bQ61e |
|
| 111 | 2 |
_aExposición Bienal de Artes Plásticas. _n(XV : _d1981 : _cSanto Domingo, República Dominicana) _961966 |
|
| 245 | 1 | 0 |
_aXV exposición bienal de artes plásticas / _cPresentación, Rosa Meléndez Peña Gómez; edición, Sonia Pérez de Ruiz; fotografías, Humberto Arvelo. |
| 246 | 1 | 4 | _aDecimoquinta exposición bienal de artes plásticas. |
| 264 | 1 |
_aSanto Domingo : _bGaleria de Arte Moderno, _c1981 |
|
| 300 |
_a372 páginas : _bilustraciones, fotografías ; _c18 cm. |
||
| 336 |
_2rdacontent _atexto _btxt |
||
| 337 |
_2rdamedia _asin mediación _bn |
||
| 338 |
_2rdacarrier _avolumen _bnc |
||
| 500 | _aIncluye datos biográficos. | ||
| 590 | _aInventariado 2024 / MF | ||
| 650 | 4 |
_aBienales de arte _vExposiciones _zRepública Dominicana _976640 |
|
| 650 | 4 |
_aExposicion _xPintura _zRepública Dominicana _979753 |
|
| 700 | 2 |
_aMeléndez de Peña Gómez, Rosa, _958267 _epresentación |
|
| 700 | 1 |
_aPérez de Ruiz, Sonia, _eeditor _986033 |
|
| 700 | 1 |
_aArvelo, Humbert, _efotografía _986034 |
|
| 942 |
_2ddc _cLBS1 |
||
| 999 |
_c32671 _d32671 |
||